000 00319 a2200157 4500
001 183358
020 _a
040 _cMagnum
100 _aAllen, Garland Edward
240 1 0 _aEstudo da biologia 1
_lpor
245 1 0 _aEstudo da biologia 1
300 _a366
362 0 _a1975
697 _aBIOLOGIA
942 _cBK
999 _c183358
_d183358